00886nam a22002537a 450000500170000001000130001702000220003003500130005203700160006504000120008108200110009310000370010424501000014126000340024127000340027530000200030950000230032965000320035265000250038470000300040994200200043999900190045995201540047820170124110128.0 aA-947593 c00.00a8125015442 aA-947593 bCen Lib/Ret aDPLbEN aSbMEE aMeeran, Thoppil Mohammed 931788 aThe story of a sea side village /cby Thoppil Mohammed Meeran; transalated by M. Vijayalakshmi  aMumbai bOreint Longmanc1995 bMumbai akamini marg e400001 a171p.c21cm(Hb) aIncludes glossary  aManners and customs9138871 aTamil fiction928323 aVijayalakshmi, M.9138872 2ddccENhSmMEE c131449d131449 04104070aLbLd2015-07-14eCen Lib/Retg0.00l0oS MEEpA-947593r2015-07-14 00:00:00t1v0.00w2015-07-14yENzW/d List No. 6852/25 : dtd 21/7/20